Текст томруулах:    
Developments in East European politics (Бичлэгийн дугаар. 146024)
000 -УДИРДЛАГА
Удирдлага 01041nam a22003137a 4500
003 - ХЯНАЛТЫН ТОО ТОДОРХОЙЛОГЧ
Код MN-UlNUM
005 - БИЧИЛТ ХИЙСЭН ОГНОО
Тухайн бичилтийг бичсэн засварласан сүүлийн огноо 20260123092409.0
008 - ЕРӨНХИЙ МЭДЭЭЛЭЛ
Ерөнхий мэдээлэл 251226s1993 ncubb||| |||| 001 0 eng |
020 ## - ISBN
ISBN 0822314290
-- 0822314355
040 ## - БИЧЛЭГ ҮҮСГЭГЧ БАЙГУУЛЛАГА
Бичлэг үүсгэгч номын сангийн код МУИС-ийн номын сан
084 ## - ББК АНГИЛАЛ
Нэмэлт тусгалт Бусад
ББК ангилал 63.3(2)
Зохиогчийн гурван тэмдэгт D 49
Мэдлэгийн ялгаа 63 - Түүх
245 00 - ҮНДСЭН ГАРЧИГ
Номын нэр Developments in East European politics
Оролцогчдын тухай мэдээ edited by Stephen White, Judy Batt, Paul G. Lewis.
260 ## - ГАРАЛТЫН МЭДЭЭ
Хэвлэгдсэн газар Durham, N.C. :
Хэвлэлийн газар Duke University Press,
Хэвлэгдсэн он 1993.
300 ## - МАТЕРИАЛЫН ТОДОРХОЙЛОЛТ
хуудасны тоо xiii, 304 p. :
Бусад тоон мэдээлэл map ;
Хэмжээ 22 cm.
500 ## - Тайлбар
Дансны дугаар БС 4761
546 ## - ХЭЛНИЙ ТУХАЙ МЭДЭЭ
Хэл Англи хэл дээр,
653 ## - Түлхүүр үг
Түлхүүр үг post-communism
653 ## - Түлхүүр үг
Түлхүүр үг europe, eastern
700 1# - ХАМ ЗОХИОГЧИД
Ба бус White, Stephen,
Dates associated with a name 1945-
700 1# - ХАМ ЗОХИОГЧИД
Ба бус Batt, Judy.
700 1# - ХАМ ЗОХИОГЧИД
Ба бус Lewis, Paul G.,
Dates associated with a name 1945-
740 ## - НОМЫН ГАРЧИГ
Гарчиг Perspectives on eastern Europe
740 ## - НОМЫН ГАРЧИГ
Гарчиг Models of Transition in eastern Europe
740 ## - НОМЫН ГАРЧИГ
Гарчиг Patterns of Politics in Post-Communist eastern Europe
740 ## - НОМЫН ГАРЧИГ
Гарчиг Eastern Europe and Political Science
942 ## - ЭЛЕМЕНТИЙН ТӨРӨЛ
Зүйлийн төрөл Ном